[Event "Krakow op-B 29th"]
[Site "Krakow"]
[Date "2019.01.04"]
[Round "9"]
[White "Gorecki, Grzegorz"]
[Black "Kaniak, Justyna"]
[Result "0-1"]
[WhiteElo "1867"]
[BlackElo "1729"]
[PlyCount "62"]
[EventDate "2018.12.27"]
[EventType "swiss"]
[EventRounds "9"]
[EventCountry "POL"]
[SourceTitle "CBM 189 Extra"]
[Source "ChessBase"]
[SourceDate "2019.06.03"]
[SourceVersion "1"]
[SourceVersionDate "2019.06.03"]
[SourceQuality "1"]

1. d4 c5 2. e3 Nf6 3. c4 e6 4. Nc3 cxd4 5. exd4 d5 6. Nf3 Bb4 7. a3 Be7 8. Bd3 0-0 9. 0-0 b6 10. Be3 Bb7 11. Rc1 Nbd7 12. Qd2 Ne4 13. cxd5 Nxc3 14. Rxc3 Bxd5 15. Rfc1 Bd6 16. Ng5 Nf6 17. Qc2 h6 18. Ne4 Nxe4 19. Bxe4 Qh4 20. Bxd5 Qxh2+ 21. Kf1 exd5 22. g3 Rae8 23. Ke2 Bxg3 24. Qf5 Bf4 25. Qxd5 Bxe3 26. Rxe3 Rxe3+ 27. Kxe3 Re8+ 28. Kd3 Qxf2 29. Qc6 Qe2+ 30. Kc3 Re3+ 31. Kb4 Qxb2+ 0-1